| 000 | 01492cam a22003251i 4500 | ||
|---|---|---|---|
| 003 | SA-RiAUC | ||
| 005 | 20250730055337.0 | ||
| 008 | 250729s2007 xxk g 000 0 ara c | ||
| 020 | _a1905650019 | ||
| 040 |
_aSA-JeALM _bara _cSA-RiAUC _erda |
||
| 082 | 0 | 4 |
_a227.2 _qSA-RiAUC |
| 090 |
_a227.2 _bج ا ب |
||
| 100 | 1 |
_aجابر، حسن محمد _eمؤلف. |
|
| 245 | 1 | 2 |
_aالمقاصد الكلية للشرع ومناهج التفسير : _bUniversal purposes of the islamic law and exegesis methodologies / _cحسن جابر ؛ تقديم أحمد زكي يماني . |
| 246 | 3 | 1 | _aUniversal purposes of the islamic law and exegesis methodologies |
| 250 | _aالطبعة الأولى. | ||
| 264 | 1 |
_a[لندن] : _bمؤسسة الفرقان للتراث الإسلامي، مركز دراسات مقاصد الشريعة الإسلامية، _c2007 |
|
| 300 |
_a67 صفحة ؛ _c20 سم. |
||
| 336 |
_aنص _btxt _2rdacontent _3كتاب |
||
| 337 |
_aبدون وسيط _bn _2rdamedia |
||
| 338 |
_aمجلد _bnc _2rdacarrier |
||
| 490 | 0 |
_aسلسلة المحاضرات ؛ _v4 |
|
| 504 | _aيشتمل على إرجاعات ببليوجرافية. | ||
| 630 | 2 | 7 |
_aالقرآن _xتفسير _vمقالات ومحاضرات _2aucut |
| 650 | 7 |
_aمقاصد الشريعة _vمقالات ومحاضرات _2aucsh |
|
| 700 | 1 |
_aيماني، أحمد زكي، _d1349 هجري- _eمقدم. |
|
| 730 | 2 | 2 | _aالقرآن |
| 942 |
_2ddc _cBOOK _n0 |
||
| 949 |
_aSA-JeALM _d250729 _uosman123 _n1 |
||
| 999 |
_c10389 _d10389 |
||